000 00335nam a22001457a 4500
008 230427b ||||| |||| 00| 0 eng d
020 _a9780323297493
041 _aeng
080 _25TH EDITION
_a616.31
082 _a616.31LAN
100 _a12
101 _aSTOMAT
245 _aDENTAL RADIOGRAPHY
_cLANNUCCI.M.J
942 _2udc
_cBK
999 _c59632
_d59632